Loading...
| Religion | 0 | 6 | 0 | 0 | 60 | 75 | 98.67 | 2 | 6 | 11.32 | 45.45 |
| History - Other | 0 | 4 | 0 | 0 | 40 | 91 | 108.25 | 0 | 3 | 4.37 | 22.27 |
| Social Science | 0 | 4 | 0 | 4 | 40 | 100 | 107.50 | 0 | 0 | 0.26 | 7.73 |
| Mythology | 0 | 3 | 0 | 0 | 30 | 73 | 98.33 | 0 | 1 | 6.26 | 11.82 |
| Philosophy | 0 | 3 | 0 | 0 | 30 | 110 | 118.00 | 0 | 0 | 1.31 | 6.36 |
| History - European | 0 | 3 | 0 | 3 | 30 | 103 | 120.67 | 0 | 0 | 1.89 | 7.95 |
| Fine Arts - Painting and Sculpture | 0 | 3 | 1 | 1 | 25 | 95 | 112.67 | 0 | 1 | 2.71 | 14.77 |
| Fine Arts - Other | 0 | 2 | 0 | 0 | 20 | 93 | 101.50 | 0 | 1 | 4.17 | 12.73 |
| Literature - World | 0 | 2 | 0 | 0 | 20 | 90 | 121.00 | 0 | 0 | 3.16 | 2.05 |
| Other Academic | 0 | 2 | 0 | 0 | 20 | 84 | 86.00 | 0 | 0 | 21.01 | 26.67 |
| Science - Other | 0 | 2 | 1 | 0 | 15 | 82 | 98.00 | 0 | 0 | 2.52 | 7.95 |
| Literature - British | 0 | 1 | 0 | 0 | 10 | 135 | 135.00 | 0 | 0 | 0.63 | 3.64 |
| Geography | 0 | 1 | 0 | 1 | 10 | 131 | 131.00 | 0 | 0 | 0.00 | 10.00 |
| History - American | 0 | 1 | 0 | 1 | 10 | 126 | 126.00 | 0 | 0 | 0.00 | 0.91 |
| History - World | 0 | 1 | 0 | 0 | 10 | 132 | 132.00 | 0 | 0 | 0.00 | 1.14 |
| Popular Culture | 0 | 1 | 1 | 0 | 5 | 46 | 46.00 | 0 | 0 | 22.90 | 20.83 |
| Fine Arts - Classical Music | 0 | 0 | 0 | 0 | 0 | 0.00 | 0 | 0 | 0.00 | 0.00 |